Countries in their Most Spoken Indigenous Language - Statistics

General Stats
  • This quiz has been taken 624 times
    68 since last reset
  • The average score is 45 of 196
Answers on the Map
Answers color-coded by a green-red scale on the quiz's map according to % correct below.
 
Answer Stats
Continent Country % Correct
Europe France
90%
Europe United Kingdom
89%
Europe España
80%
Europe Portugal
80%
Europe Italia
75%
Europe Ireland
74%
Europe Deutschland
72%
Asia Nippon
70%
Asia Iran
57%
Europe Suomi
57%
Europe Nederland
56%
Asia Türkiye
56%
Asia Mongol Uls
54%
Asia Pakistan
54%
Asia Việt Nam
54%
Europe România
52%
Europe Österreich
51%
Asia 'Irāq
49%
Europe Polska
49%
Oceania Uthuru
49%
Europe België
48%
Asia Indonesia
48%
Europe Ísland
48%
Asia Myanmar
46%
Europe Hellas
44%
Africa Mali
44%
Europe Norge
44%
Oceania Samoa
44%
Asia Táiwān
44%
Africa Tunis
44%
Africa As-Sūdan
43%
Europe Belarus'
43%
Africa Ghana
43%
Oceania Tonga
43%
Oceania Tuvalu
43%
Europe Danmark
41%
Europe Malta
41%
Europe Moldova
41%
Asia Qatar
41%
Europe Sverige
41%
Oceania Vanuatu
41%
Asia Zhōngguó
41%
Asia Malaysia
39%
South America Perú
39%
Africa Benin
38%
Europe Liechtenstein
38%
Europe Magyarország
38%
Africa Malawi
38%
Europe Rossiya
38%
Africa Rwanda
38%
Europe San Marino
38%
Europe Ukraina
38%
Asia Bhārat
36%
Africa eSwatini
36%
Africa Gabon
36%
Oceania Kiribati
36%
Africa Kirinyaga
36%
Africa Lesotho
36%
North America Panamä
36%
Africa Tanzânia
36%
Africa Togo
36%
Africa Uganda
36%
Africa Zimbabwe
36%
Europe Andorra
34%
Oceania Aotearoa
34%
Africa Miṣr
34%
Africa Zambia
33%
Europe Hrvatska
31%
Europe Monaco
31%
North America Nicaragua
31%
Europe Schweiz
31%
North America Bahama
30%
Africa Sénégal
30%
Africa Botswana
28%
Africa Burkina Faso
28%
Asia Chosŏn
26%
North America Honduras
26%
Africa Republika ya Kongo
26%
Africa Republiki ya Demokrasi ya Kongo
26%
Europe Shqipëria
26%
Europe Slovensko
26%
Asia Türkmenistan
26%
South America Venesuela
26%
Asia Brunei
25%
Europe Eesti
25%
Asia Hanguk
25%
South America Kolumbia
25%
Europe Slovenija
25%
Europe Crna Gora
23%
Oceania Mikronesia
23%
Asia Qazaqstan
23%
Asia Sak'art'velo
23%
Africa São Tomé i Príncipe
23%
Asia As-Sūriya
21%
Europe Bosna i Hercegovina
21%
Asia Hayastan
21%
Asia Kâmpŭchéa
21%
Europe Kosova
21%
Europe Srbija
21%
Europe Česká
20%
Asia Timor-Leste
20%
Europe Latvija
18%
Europe Severna Makedonija
18%
Asia Kýpros
16%
North America Kânata
15%
Europe Lëtzebuerg
15%
Africa Libiya
15%
Europe Lietuva
15%
Asia Pilipinas
15%
Asia 'Umān
15%
Asia Yīsra'el
15%
Oceania Belau
13%
Europe Città del Vaticano
13%
Asia Lubnan
13%
Asia Afġānistān
11%
Asia Al-Yaman
11%
Asia Azərbaycan
11%
Africa Soomaaliya
11%
Oceania Viti
11%
Asia Al-Urdun
10%
Europe Bulgariya
10%
Asia Al-Mamlaka al-'Arabiyya as-Su'ūdiyya
8%
Africa Madagasikara
8%
Asia O'zbekiston
8%
Africa Sesel
8%
Asia Singapura
8%
Africa Al-Jazayir
7%
Asia Al-Kuayt
7%
Africa Al-Maghrib
7%
Asia Druk Yul
7%
Africa Itoophiyaa
7%
Africa Jībūtī
7%
Asia Kırgızstan
7%
Asia Tojikiston
7%
Africa Tshad
7%
Asia Al-Baḥrayn
5%
North America Ayti
5%
South America Guiana
5%
Africa Komori
5%
Asia Nēpāla
5%
Africa Ngola
5%
Oceania Papua Niu Gini
5%
South America Paraguai
5%
Asia Al-Imarat al-Arabiyah al-Mutahidah
3%
Asia Dhivehi Raajje
3%
Africa Ködörösêse tî Bêafrîka
3%
North America Mexiko
3%
Africa Najeriya
3%
Oceania Naoero
3%
South America Pindorama
3%
Africa Uburundi
3%
South America Uruguai
3%
South America Wuliwiya
3%
North America Xaymaca
3%
Africa Gine
2%
Africa Gine-Bissau
2%
Africa Kabuverdi
2%
Africa Kambaa
2%
South America Puel Mapu
2%
Asia Śrī Laṁkāva
2%
Africa Thɔth Thudan
2%
North America 'Amelika Hui Pū 'Ia
0%
Oceania Aolepān Aorōkin Ṃajeḷ
0%
Asia Bānlādēśa
0%
North America Belix
0%
North America Bim
0%
North America Camerhogne
0%
North America Cotaquerrique
0%
North America Cuauhtēmallān
0%
North America Cubanascnan
0%
North America Cuscatlán
0%
Africa Dina Arobi
0%
Africa Erǝtǝrā
0%
South America Ikwathur
0%
Africa Iningizimu Afrika
0%
Africa Ivoire Kpolɛsu
0%
North America Ka-Iri
0%
Africa Kamaru
0%
North America Liamuiga
0%
North America Louanalao
0%
Africa Lybera
0%
Africa Mozambhiki
0%
Africa Muritania
0%
Africa Ngokué Akwé
0%
South America Ngulu Mapu
0%
Africa Nijar
0%
Africa Oshana
0%
Asia Pathedlav
0%
Asia Pratheṣ̄thịy
0%
North America Quisqueya
0%
South America Sëenán
0%
Africa Sewaloŋ
0%
Oceania Solomoni Ailani
0%
North America Waitukubuli
0%
North America Waladli
0%
North America Youloumain
0%
No matching quizzes found
Score Distribution
Percent of People with Each Score
Percentile by Number Answered
Your Score History
You have not taken this quiz since the last reset